Faces on TIME (1960s) Quiz Stats

 Plays Quiz Updated Dec 7, 2012

Challenge
Share
Tweet
Score 0/45 Timer 10:00
0 Plays Today
Row Face % Correct
Row 2 AcrossJohn F. Kennedy
97.4%
Row 1 AcrossMartin Luther King Jr.
95.7%
Row 1 AcrossRichard Nixon
94.6%
Row 3 AcrossCassius Clay
93.2%
Row 3 AcrossPope John XXIII
85.1%
Row 3 AcrossFidel Castro
83.3%
Row 5 AcrossNeil Armstrong
83.1%
Row 3 AcrossRonald Reagan
80.9%
Row 2 AcrossLinus van Pelt
80.1%
Row 2 AcrossDwight Eisenhower
79.2%
Row 2 AcrossJohn Wayne
79.2%
Row 1 AcrossDustin Hoffman
73.2%
Row 4 AcrossLyndon B. Johnson
72%
Row 2 AcrossChe Guevara
69.6%
Row 4 AcrossMao Tse-Tung
67.1%
Row 1 AcrossJulie Andrews
61.9%
Row 2 AcrossBarbra Streisand
59.9%
Row 2 AcrossLee Harvey Oswald
55.3%
Row 5 AcrossAretha Franklin
43%
Row 5 AcrossVince Lombardi
42.8%
Row 4 AcrossBob Hope
42.8%
Row 3 AcrossWalter Cronkite
39.6%
Row 3 AcrossPope Paul VI
38.6%
Row Face % Correct
Row 1 AcrossGolda Meir
38.3%
Row 2 AcrossLauren Bacall
33%
Row 1 AcrossYuri Gagarin
32.6%
Row 4 AcrossSophia Loren
32.3%
Row 1 AcrossJulia Child
32%
Row 3 AcrossJohnny Carson
31.4%
Row 4 AcrossHo Chi Minh
28.9%
Row 4 AcrossPrince Charles
27.2%
Row 4 AcrossHubert H. Humphrey
26%
Row 1 AcrossRaquel Welch
24.8%
Row 2 AcrossJawaharlal Nehru
24.1%
Row 3 AcrossCesar Chavez
22.6%
Row 4 AcrossJacques Cousteau
22.5%
Row 5 AcrossRichard Burton
21.8%
Row 5 AcrossJack Nicklaus
21.4%
Row 5 AcrossVladimir Lenin
20.1%
Row 5 AcrossKing Hussein
19.3%
Row 4 AcrossNikita Khrushchev
17.7%
Row 5 AcrossRoger Staubach
15.2%
Row 5 AcrossBobby Hull
14.1%
Row 3 AcrossJackie Gleason
13.6%
Row 1 AcrossFerdinand Marcos
9.4%

You're not logged in!

Compare scores with friends on all Sporcle quizzes.
Join for Free
OR
Log In

You Might Also Like...

Show Comments

Extras

Top Quizzes Today


Score Distribution

Your Account Isn't Verified!

In order to create a playlist on Sporcle, you need to verify the email address you used during registration. Go to your Sporcle Settings to finish the process.

Report this User

Report this user for behavior that violates our Community Guidelines.

Details: